Modelos de contratos laborales : (Registro nro. 22086)

Detalles MARC
000 -Cabecera
Campo de control interno 00973nam a2200265Ia 4500
005 - Fecha y hora del registro
control field 20260320113341.0
008 - Elementos de Longitud Fija
fixed length control field 260320s9999||||xx |||||||||||||| ||und||
020 ## - ISBN
ISBN 9786123331696
041 ## - Idioma
Codigo Idioma ESP
082 ## - DEWEY y NOTACIÓN INTERNA
Dewey 348.6
Notación Interna T22 V. 2
100 ## - AUTOR
Autor denominación Tarazona Pinedo, Manolo Narciso,
Término de relación autor
245 #0 - TÍTULO DE MATERIAL BIBLIOGRÁFICO
Título Modelos de contratos laborales :
Título paralelo según el régimen laboral de la empresa y el tipo de contratos utilizados
246 ## - TÍTULO TRADUCIDO
Título
Título paralelo
Autor
250 ## - EDICIÓN
Edición Primera edición
260 ## - CIUDAD, EDITORIAL, AÑO
Ciudad Lima :
Nombre de la Editorial Gaceta Jurídica,
Año 2026
300 ## - DESCRIPCIÓN
N° Páginas 125 páginas :
Otros detalles cuadros ;
Dimensiones 24 cm.
Material Adicional
440 ## - MENCIÓN DE SERIE
Título de la Serie (Laboral. Contrataciones y Registro de Trabajadores en la Planilla Electrónica)
Número de Serie
Volumen de Serie
650 ## - TEMAS
Temas Ciencias Sociales
653 ## - DESCRIPTORES
Lenguajes no controlado Derecho del trabajo
654 ## - PROGRAMAS
Programa
700 ## - OTROS AUTORES
Otros autores
Títulos y otras palabras asociadas con el nombre
856 ## - URL - UBICACIÓN
URI/URL: Enlace exacto del recurso <a href="https://0u214rw25-y-https-app-vlex-com.itmsp.museknowledge.com/search/jurisdiction:PE/modelos+de+contratos+laborales">https://0u214rw25-y-https-app-vlex-com.itmsp.museknowledge.com/search/jurisdiction:PE/modelos+de+contratos+laborales</a>
Nota pública: Versión digital <a href="Véase además: Base de datos Vlex">Véase además: Base de datos Vlex</a>
942 ## - ELEMENTOS DE KOHA
Tipo de documento Libro
Nombre del creador Justo Noguera
Código de catalogador Mirtha Ponce
Esquema de clasificación Dewey Decimal Classification
Suppress in OPAC
Existencias
Codigo completo Registro Colección Copia número Disponibilidad Tipo de préstamo Biblioteca Actual Procedencia (Biblioteca) Ubicacón Fecha Ingreso Tipo de Adquisición Observación Date last seen Total checkouts Price effective from Tipo de Item Estado del Material Fuente de Clasificación Damaged status Withdrawn status
348.6 T22 V. 2 1088001 Universidad Católica San Pablo 1 Disponible Disponible Víctor Andrés Belaunde Víctor Andrés Belaunde Primer piso 10/03/2026 Suscripción Contabilidad 20/03/2026   20/03/2026 Libro Bueno Dewey Decimal Classification